000 00669nam a2200277Ia 4500
005 20260324111525.0
008 008 260324s9999 xx 000 0 eng d
020 _a9781032713816
037 _aEBOOK
040 _aCRL
040 _beng
040 _cCRL
041 _2eng
041 _aeng
084 _qCRL
100 _aBasavarajaiah D.M; Narasimhamurthy B
_91138919
245 0 _aAdvanced Statistical Methods in Life Science
260 _bTaylor and Francis
260 _c2025
365 _a
365 _b355
856 _uhttp://www.taylorfrancis.com/books/9781032713816
942 _cEBOOK
999 _c1727778
_d1727778